| 000 | 00468nam a22001817a 4500 | ||
|---|---|---|---|
| 005 | 20180712112310.0 | ||
| 008 | 160429b xxu||||| |||| 00| 0 eng d | ||
| 020 | _a978-81-3172571-9 | ||
| 041 | _aeng | ||
| 082 |
_b00865 _a658.1511 |
||
| 100 |
_aHorngren T.Charles AND OTHERS _94528 |
||
| 245 | _aIntroduction to Management Accounting | ||
| 250 | _a12ED. | ||
| 260 |
_aDelhi _bDorling kindersley _c2009 |
||
| 300 | _a831p. | ||
| 650 |
_aManagement _9241 |
||
| 942 | _cBK | ||
| 999 |
_c284 _d284 |
||